Cuentos /
Guardado en:
| Hovedforfatter: | |
|---|---|
| Format: | Ukendt |
| Sprog: | Spanish |
| Udgivet: |
Uruguay :
Arca Editorial S.R.L,
1968.
|
| Fag: | |
| Tags: |
Tilføj Tag
Ingen Tags, Vær først til at tagge denne postø!
|
MARC
| LEADER | 000000000a22000000004500 | ||
|---|---|---|---|
| 001 | 015773 | ||
| 041 | 0 | |a spa | |
| 082 | 0 | 4 | |a U863.4 |b Q8cue |
| 100 | 1 | |a Quiroga, Horacio, |d 1879-1937 | |
| 245 | 1 | 0 | |a Cuentos / |c Horacio Quiroga. |
| 260 | 1 | |a Uruguay : |b Arca Editorial S.R.L, |c 1968. | |
| 300 | |a 172 páginas | ||
| 500 | |a La biblioteca cuenta con 2 ejemplares, el tomo IV y el tomo V. | ||
| 650 | 4 | |a LITERATURA URUGUAYA | |
| 650 | 4 | |a CUENTOS | |
| 500 | |a Colección George Yúdice | ||
| 999 | |c 21604 |d 21604 | ||
| 942 | |c BK |h U863.4 Q8cue |2 z | ||
